01373cam a2200325 i 450000100090000000300090000900500170001800800410003502000320007604000380010808200220014624501060016826400450027426400100031930000470032933600260037633700280040233800270043050400510045765000370050865500170054570000400056270000370060270000560063985600880069585600740078394200190085799900170087695201540089311770616EG-ScBUE20250729084624.0990817t2000 nyua f bf 001 0 eng d a0471184306 (acidfree paper) aDLCbengerdacDLCdDLCdEG-ScBUE04a543.0894222bFIE00aField flow fractionation handbook /cedited by Martin E. Schimpf, Karin Caldwell, J. Calvin Giddings. 1aNew York : bWiley-Interscience,c[2000] 4cc2000 axviii, 592 pages :billustrations ;c25 cm 2rdacontentatextbtxt aunmediated2rdamediabn avolumebnc2rdacarrier aIncludes bibliographical references and index. 7aField-flow fractionation.2BUEsh vReading book1 aSchimpf, Martin E.,d1957-eeditor.1 aCaldwell, Karin,d1940-eeditor.1 aGiddings, J. Calvinq(John Calvin),d1930-eeditor.423Publisher descriptionuhttp://www.loc.gov/catdir/description/wiley037/99045533.html4 3Table of Contentsuhttp://www.loc.gov/catdir/toc/onix01/99045533.html 2ddccREFERENCE c10657d10657 00102ddc40708AlahramaMAINbMAINc0THd2009-02-03epurchaseg683.10h6398l0o543.0894 FIEp000014471r2025-07-15 00:00:00w2009-02-03yREFERENCE